000 00536nam a2200181Ia 4500
008 090124s9999 xx 000 0 und d
082 _b111428
100 _aबिडकर मधुकर वि.
245 _a पाण्याचा वेग
250 _a1
260 _c1965
300 _a96
600 _aबिडकर मधुकर वि.
630 _a पाण्याचा वेग
700 _aबिडकर मधुकर वि.
730 _a पाण्याचा वेग
942 _cBOOK
999 _c157519
_d157519